<?xml version="1.0" encoding="UTF-8"?>
<record
    xmlns:xsi="http://www.w3.org/2001/XMLSchema-instance"
    xsi:schemaLocation="http://www.loc.gov/MARC21/slim http://www.loc.gov/standards/marcxml/schema/MARC21slim.xsd"
    xmlns="http://www.loc.gov/MARC21/slim">

  <leader>00842nab a2200241 uc4500</leader>
  <controlfield tag="001">559464</controlfield>
  <controlfield tag="005">20240312091003.0</controlfield>
  <controlfield tag="008">991027e19940115                    spa  </controlfield>
  <datafield tag="035" ind1=" " ind2=" ">
    <subfield code="a">559464</subfield>
  </datafield>
  <datafield tag="035" ind1=" " ind2=" ">
    <subfield code="a">(OCoLC)819815745</subfield>
  </datafield>
  <datafield tag="040" ind1=" " ind2=" ">
    <subfield code="c">comduadb</subfield>
  </datafield>
  <datafield tag="041" ind1=" " ind2=" ">
    <subfield code="a">spa</subfield>
  </datafield>
  <datafield tag="100" ind1="1" ind2="0">
    <subfield code="a">Borgnino, Nathalie</subfield>
    <subfield code="4">aut</subfield>
    <subfield code="e">aut</subfield>
    <subfield code="9">502020</subfield>
  </datafield>
  <datafield tag="245" ind1="1" ind2="3">
    <subfield code="a">La ceramica del sitio Papagayo, Bahia Culebra, Costa Rica</subfield>
  </datafield>
  <datafield tag="650" ind1=" " ind2="7">
    <subfield code="a">Excavaciones arqueol&#xF3;gicas</subfield>
    <subfield code="2">lemb</subfield>
    <subfield code="9">2310</subfield>
  </datafield>
  <datafield tag="650" ind1=" " ind2=" ">
    <subfield code="a">Arte precolombino</subfield>
    <subfield code="9">1362</subfield>
  </datafield>
  <datafield tag="650" ind1=" " ind2="0">
    <subfield code="a">Cer&#xE1;mica precolombina</subfield>
    <subfield code="9">42787</subfield>
  </datafield>
  <datafield tag="650" ind1=" " ind2=" ">
    <subfield code="a">Relaciones culturales</subfield>
    <subfield code="9">20016</subfield>
  </datafield>
  <datafield tag="650" ind1=" " ind2=" ">
    <subfield code="a">Costa Rica</subfield>
    <subfield code="9">4722</subfield>
  </datafield>
  <datafield tag="700" ind1="1" ind2="0">
    <subfield code="a">Lauthelin, Valerie</subfield>
    <subfield code="4">aut</subfield>
    <subfield code="e">aut</subfield>
    <subfield code="9">300853</subfield>
  </datafield>
  <datafield tag="773" ind1="0" ind2=" ">
    <subfield code="t">V&#xED;nculos : Revista de Antropolog&#xED;a del Museo Nacional de Costa Rica</subfield>
    <subfield code="g">Vol. 18-19, No. 01-02, Ene-Dic. 1994, p. 11-120</subfield>
    <subfield code="w">249611</subfield>
    <subfield code="x">0304-3703</subfield>
    <subfield code="0">94810</subfield>
  </datafield>
  <datafield tag="942" ind1=" " ind2=" ">
    <subfield code="c">ARIMP</subfield>
  </datafield>
  <datafield tag="999" ind1=" " ind2=" ">
    <subfield code="c">135615</subfield>
    <subfield code="d">135615</subfield>
  </datafield>
</record>
